Rozpoznaj piłkarzy Lotto Ekstraklasy - Statystyki

Ogólne statystyki
  • Ten quiz został rozwiązany 475 razy
  • Średni wynik to 9 z 15
Statystyki odpowiedzi
Obrazkowy Odpowiedź % Poprawnych
Marcin Wasilewski
96%
Artur Jędrzejczyk
89%
Tomasz Jodłowiec
79%
Marian Kelemen
72%
Darko Jevtic
70%
Piotr Celeban
69%
Dominik Furman
68%
Radosław Majewski
63%
Artur Sobiech
61%
Henrik Ojamaa
47%
Pavels Steinbors
43%
Michał Helik
41%
Jakub Tosik
39%
Elia Soriano
27%
Jesus Jimenez
12%
Nie znaleziono quizów pasujących do podanych kryteriów
Rozkład punktacji
Procent ludzi z każdym wynikiem
Percentyl według liczby udzielonych odpowiedzi
Twoja historia wyników
Nie rozwiązałeś tego quizu